| 000 | 00357pab a2200145 454500 | ||
|---|---|---|---|
| 008 | 180718b1997 xxu||||| |||| 00| 0 eng d | ||
| 100 | _aKim, Kyung-Hwan | ||
| 245 | _aHousing finance and urban infrastructure finance | ||
| 260 | _c1997 | ||
| 300 | _ap.1597-1620 | ||
| 362 | _aOct | ||
| 650 | _aHousing finance | ||
| 773 | _aUrban Studies | ||
| 909 | _a36968 | ||
| 999 |
_c36968 _d36968 |
||